| 000 | 00634nam a2200229 a 4500 | ||
|---|---|---|---|
| 001 | 67148 | ||
| 003 | BD-RjUL | ||
| 005 | 20211209081624.0 | ||
| 008 | 170322r19581949enka 001 0 eng d | ||
| 035 | _a(BD-RjUL)67279 | ||
| 040 |
_aDLC _cFQG _dUKM _dBD-RjUL _beng |
||
| 041 | _aeng | ||
| 082 |
_a613.2 _223 _bBON 1958 |
||
| 100 | 1 |
_aBogert, L. Jean _9198918 |
|
| 245 | 0 | 0 |
_aNutrition and physical fitness / _cL. Jean Bogert |
| 250 | _a6th ed. | ||
| 260 |
_aLondon : _bW.B. Saunders, _c1949 [Reprinted 1958]. |
||
| 300 |
_axiv, 664 p. : _bill. ; _c23 cm. |
||
| 500 | _aInclude Index. | ||
| 650 |
_aDietetics _937754 |
||
| 942 |
_2ddc _cBK |
||
| 999 |
_c67148 _d67148 |
||